Capitalismo solidario : (Record no. 52253)
[ view plain ]
| 000 -LEADER | |
|---|---|
| campo de control de longitud fija | 01565nam a2200193 4500 |
| 001 - NÚMERO DE CONTROL | |
| campo de control | 2037 |
| 005 - FECHA Y HORA DE LA ÚLTIMA TRANSACCIÓN | |
| campo de control | 20230410120815.0 |
| 008 - DATOS DE LONGITUD FIJA--INFORMACIÓN GENERAL | |
| campo de control de longitud fija | 060907n1994 dr spa |
| 020 ## - NÚMERO INTERNACIONAL ESTÁNDAR DEL LIBRO | |
| Número Internacional Estándar del Libro | 0525935673 |
| 035 ## - NÚMERO DE CONTROL DEL SISTEMA | |
| -- | funglode2045 |
| 041 ## - CÓDIGO DE IDIOMA | |
| Código de lengua del texto/banda sonora o título independiente | ES |
| 050 14 - SIGNATURA TOPOGRÁFICA DE LA BIBLIOTECA DEL CONGRESO | |
| Número de clasificación | HX 129 D278c 1994 |
| 100 ## - ENTRADA PRINCIPAL--NOMBRE DE PERSONA | |
| Nombre de persona | Devos, Rich |
| 245 1# - MENCIÓN DEL TÍTULO | |
| Título | Capitalismo solidario : |
| Resto del título | gente ayudando a la gente a ayudarse a sí misma / |
| Mención de responsabilidad, etc. | Rich Devos |
| 260 ## - PUBLICACIÓN, DISTRIBUCIÓN, ETC. | |
| Lugar de publicación, distribución, etc. | México : |
| Nombre del editor, distribuidor, etc. | Lasser Press, |
| Fecha de publicación, distribución, etc. | 1994 |
| 300 ## - DESCRIPCIÓN FÍSICA | |
| Extensión | 326 p. |
| 520 ## - RESUMEN, ETC. | |
| Sumario, etc. | En sus marchas, 23. -- Quiénes somos?, 25. -- A dónde vamos?, 37. -- A dónde nos gustaría ir?, 51. -- Por qué es tan importante el dinero para ayudarnos a llegar ahí?, 65. -- Qué es el trabajo y cómo puede enriquecer nuestra vidas?, 87. -- Qué es el capitalismo y por qué el mejor lugar para trabajar?, 105. -- Qué es un capitalista solidario y por qué debo yo ser uno?, 125. -- Por qué debemos pensar en iniciar nuestro propio negocio?, 139. -- Qué actitud necesitamos para triunfar y cómo la desarrollamos?, 165. -- Qué es un mentor y por qué necesitamos uno que nos guíe, 180. -- Por qué son las matas tan importantes para nuestro éxito y cómo las fijamos y las conservamos, 197. -- Qué actitudes comportamientos y compromisos nos ayudarán a triunfar, 215. -- Por qué debemos ayudar a otros que se ayuden?, 247. -- Por qué debemos ayudar a otros que no pueden ayudarse a sí mismo?, 264. -- Por qué debemos ayudar a preservar y proteger nuestro planeta?, 286. -- Qué pasa cuando tendemos la mano para ayudar a otros?, 303 |
| 942 ## - ELEMENTOS DE ENTRADA SECUNDARIOS (KOHA) | |
| Fuente del sistema de clasificación o colocación | Clasificación de Library of Congress |
| Tipo de ítem Koha | |
| Estatus retirado | Estado de pérdida | Fuente del sistema de clasificación o colocación | Estado de daño | No para préstamo | Colección | Biblioteca de origen | Biblioteca actual | Ubicación en estantería | Fecha de adquisición | Serial enumeration / chronology | Signatura topográfica completa | Código de barras | Visto por última vez | Tipo de ítem Koha |
|---|---|---|---|---|---|---|---|---|---|---|---|---|---|---|
| Clasificación de Library of Congress | Ciencias Sociales | Biblioteca Juan Bosch | Biblioteca Juan Bosch | Ciencias Sociales (3er. Piso) | 24/10/2018 | 1 | HX 129 D278c 1994 | 00000007233 | 24/10/2018 |
